000 00591nam a2200169 a 4500
001 000034751
005 20200930073900.0
008 111019s1980 uy a 000 0 spa d
040 _aDO-SdBNP
_bspa
_cBNPHU
082 _axxx
_bS468s
100 1 _aSeluja, Antonio
_960232
245 1 3 _aEl soldado muerto y otros cuentos /
_cAntonio Seluja ; prólogo Alberto Paganini.
260 _aMontevideo :
_bEdiciones Géminis,
_c1980.
300 _a99 p. :
_bil. ;
_c20 cm.
590 _aPerteneció a la biblioteca personal de Juan Isidro Jimenes Grullón.
700 1 _aPaganini, Alberto,
_epról.
_960233
999 _c34242
_d34242